| 000 | 00351nam a2200109Ia 4500 | ||
|---|---|---|---|
| 008 | 171204s9999 xx 000 0 und d | ||
| 245 | 4 | _aThe Use of Signing Space in a Shared Sign Language of Australia: | |
| 245 | _cAnastasia Bauer | ||
| 260 | _c2014 | ||
| 650 | _xSpecial Topic 1: Sign Language | ||
| 856 | _uhttp://down.ebook777.com/051/1614517339.pdf | ||
| 999 |
_c345884 _d345884 |
||